Đánh giá khả năng sinh khí và hiệu quả xử lý chất thải chăn nuôi bằng túi ủ Biogas HDPE Luận văn tốt nghiệp đại học ngành Kỹ thuật môi trường

Xây dựng mô hình túi biogas kết hợp sử dụng chất thải từ chuồng chăn nuôi heo chứng minh tính khả thi của mô hình khi ứng dụng vào thực tế

Bewaard in:
Bibliografische gegevens
Hoofdauteur: Nguyễn, Thị Trúc Thanh
Coauteur: .
Formaat: Boek
Taal:Undetermined
Gepubliceerd in: Cần Thơ Trường Đại học Cần Thơ 2011
Onderwerpen:
Tags: Voeg label toe
Geen labels, Wees de eerste die dit record labelt!
Thư viện lưu trữ: Trung tâm Học liệu Trường Đại học Cần Thơ
LEADER 01133nam a2200241Ia 4500
001 CTU_178631
008 210402s9999 xx 000 0 und d
082 |a 665.7 
082 |b Th107 
088 |a 1087321 
100 |a Nguyễn, Thị Trúc Thanh 
110 |a . 
245 0 |a Đánh giá khả năng sinh khí và hiệu quả xử lý chất thải chăn nuôi bằng túi ủ Biogas HDPE 
245 0 |b Luận văn tốt nghiệp đại học ngành Kỹ thuật môi trường 
245 0 |c Nguyễn Thị Trúc Thanh ; Nguyễn Trường Thành, Nguyễn Võ Châu Ngân (Cán bộ hướng dẫn) 
260 |a Cần Thơ 
260 |b Trường Đại học Cần Thơ 
260 |c 2011 
520 |a Xây dựng mô hình túi biogas kết hợp sử dụng chất thải từ chuồng chăn nuôi heo chứng minh tính khả thi của mô hình khi ứng dụng vào thực tế 
650 |a Biogas 
650 |x Khí sinh học 
910 |a Nguyên 
980 |a Trung tâm Học liệu Trường Đại học Cần Thơ